000 00510nab a2200157Ia 4500
003 ES-SlBCS
005 20210601124322.0
008 140529s1991 xxu||||| |||| 00| 0 eng d
041 _aeng
100 1 _aHammer, Rhonda
_9139670
245 0 0 _aRethinking the Dialectic: a Social Semiotic Perspective for Educators
_c Rhonda Hammer, Peter Mclaren
650 0 4 _aEducadores
_9127834
700 1 _aMclaren, Peter
_9139533
773 0 _tEducational Theory
_gvol. 41, nº. 1, 1991, págs. 23-46
_wRev1399
942 _cAR
999 _c512859
_d512859